Yug-yuganthar: (Record no. 71648)

000 -LEADER
fixed length control field 00437nam a22001577a 4500
020 ## - INTERNATIONAL STANDARD BOOK NUMBER
International Standard Book Number 9788181112378
082 ## - DEWEY DECIMAL CLASSIFICATION NUMBER
Classification number H 305.42
Item number USH/Y
100 ## - MAIN ENTRY--PERSONAL NAME
Personal name Usha Kumari K P
9 (RLIN) 46617
245 ## - TITLE STATEMENT
Title Yug-yuganthar:
Remainder of title nari swaroop/
Statement of responsibility, etc. by Usha Kumari K P
260 ## - PUBLICATION, DISTRIBUTION, ETC.
Place of publication, distribution, etc. Madhura:
Name of publisher, distributor, etc. Jawahar Pusthakalay,
Date of publication, distribution, etc. 2012.
300 ## - PHYSICAL DESCRIPTION
Extent 79p.
650 ## - SUBJECT ADDED ENTRY--TOPICAL TERM
Topical term or geographic name entry element Women
9 (RLIN) 46618
650 ## - SUBJECT ADDED ENTRY--TOPICAL TERM
Topical term or geographic name entry element Feminism
9 (RLIN) 46619
650 ## - SUBJECT ADDED ENTRY--TOPICAL TERM
Topical term or geographic name entry element Social Sciences
9 (RLIN) 46620
942 ## - ADDED ENTRY ELEMENTS (KOHA)
Koha item type Book
Holdings
Withdrawn status Lost status Damaged status Not for loan Permanent Location Current Location Shelving location Date acquired Cost, normal purchase price Total Checkouts Full call number Barcode Date last seen Date last checked out Price effective from Koha item type
        Sree Sankaracharya University of Sanskrit Sree Sankaracharya University of Sanskrit Stacks 26.05.2018 150.00 2 H 305.42 USH/Y 089458 20.03.2023 17.03.2023 26.05.2018 Book